| 000 | 00782nam a2200301Ia 4500 | ||
|---|---|---|---|
| 001 | 35386 | ||
| 003 | IT-RoPAU | ||
| 008 | 130308s9999 xx 000 0 und d | ||
| 040 | _aIT-RoPAU | ||
| 040 | _cIT-RoPAU | ||
| 041 | _aINGLESE | ||
| 100 | _aPring Richard | ||
| 100 | _gCodice Aut. SPICS: 16800 | ||
| 245 | _aAccountability | ||
| 245 | _bTheory And practice Of curriculum Studies | ||
| 250 | _a1a ed. | ||
| 260 | _aLONDON | ||
| 260 | _bRoutledge & Kegan Paul | ||
| 260 | _c1983 [1° Ed.:1978 - Ed.Ling.Originale:1987] | ||
| 300 | _a"10 p. (prefazione: no ; testo: 10 [pagine: 251-260])" | ||
| 500 | _aResponsabilita' | ||
| 650 | _aSAGGI DI PEDAGOGIA | ||
| 650 | _eCodice materia Spics: 3557 | ||
| 942 | _cBK | ||
| 957 | _71 | ||
| 999 |
_c42140 _d42140 |
||
| 999 | _bSI | ||
| 999 | _g1 | ||